00515nam a22001697a 4500003000400000005001700004008004100021040001700062050001500079082001500094100001600109245004800125260002300173300001900196653011700215856001300332OSt20260423133423.0260423b ||||| |||| 00| 0 eng d aBSHUAbShqip b787.3/Gru. b787.3/Gru. aGrutzmacher a24 Studi : per Violoncello Op.38 : Libro I  aItaly : bRicordi, a47 f.; me nota aMuzika boterore - Muzika gjermane - Muzika instrumentale - Muzike per Cello - 24 Etyde - Opus 38 - Libri i pare  yFulltext